Регионална библиотека "Любен Каравелов" - Русе

Аквариумни рибки (Запис номер 16195)

MARC детайли
000 -Лидер
Контролно поле с фиксирана дължина 01509nam a2200349 c 4500
003 - Код на организацията, давaща контролен номер
Контролно поле BLK
005 - Дата и час на последна редакция
Контролно поле 20220409155142.0
008 - Елементи от данни с фиксирана дължина
fixed length control field 180413b bul|||||r ||||||| ||bul||
010 ## - Наследен системен номер
LC control number KNG00018042000
020 ## - Международен стандартен номер на книга ISBN
Международен стандартен номер на книга ISBN 954-05-0349-3
-- издат.: Земиздат
040 ## - Източник на каталожния запис
Идентификатор на билиотеката - собственик на записа BLK
041 ## - Код за език
Код за езика на текст/звукозапис или на отделно заглавие Български
Код за езика КДБФ Български
080 ## - УДК
Текстов определител УДК Рибовъдство
УДК код - определител по УДК 639.3
УДК определител .045(035)
УДК - код + определител 639.3.045(035)
100 1# - Редна дума - Автор
Автор Николов, Георги Антонов
Авторска отговорност първи автор
R(LIN) 260922
139 ## - Редно поле
Редна дума Николов, Георги Антонов и др.
Авторски знак Николо - Н 74
245 10 - Сведения за заглавието
Заглавие Аквариумни рибки
Редно поле (дума) Георги Антонов Николов; съавт. Магдалена Георгиева Облакова.
257 ## - Страна на издаване
Страна на създаване/издаване България
260 ## - Област на издателските данни
-- София
Име на издателя, разпространителя и проч. Земиздат
Година на издаване 1996
300 ## - Физическа характеристика
Страници 112 с.
Илюстрации и др. с ил., табл., 8 л. цв. ил.
Размери/Мащаб 20 см
380 ## - Жанр
Жанр Селско стопанство
500 ## - Общи забележки
Забележка Офс. изд. - 3 000 тир.
650 #4 - Допълнително описание по предмет – тема
Основно описание – тема или топоним Аквариуми - наръчници и ръководства
9 (RLIN) 257315
650 #4 - Допълнително описание по предмет – тема
Основно описание – тема или топоним Риби, декоративни - развъждане и отглеждане - наръчници и ръководства
9 (RLIN) 257316
650 #4 - Допълнително описание по предмет – тема
Основно описание – тема или топоним Аквариумни растения - наръчници и ръководства
9 (RLIN) 260924
653 ## - Ключова дума – ненормативна
Ключова дума риби
700 1# - Други автори (авторска отговорност)
Лично име Облакова, Магдалена Георгиева
Автороска отговорност (Описва отношението между автора и произведението) съавт.
9 (RLIN) 260923
852 ## - Местоположение
Форматна сигнатура Цб 190565
856 4# - Електронен адрес и достъп
Електронен формат pdf - файл
Път до файла /url/
856 4# - Електронен адрес и достъп
Електронен формат pdf - файл
Път до файла /url/
942 ## - АРТИКУЛИ
Вид на библиотечния материал Книги
Скрит в OPAC Не
Koha issues (borrowed), all copies 1
944 ## - СЪЗДАВАНЕ И РЕДАКЦИЯ на ЗАПИСА
Създаване/Редакция Създаване
Дата на регистрацията/редакция 15.01.2003
Служител, извършил регистрацията/редакцията AB_DOS
944 ## - СЪЗДАВАНЕ И РЕДАКЦИЯ на ЗАПИСА
Създаване/Редакция Редакция
Дата на регистрацията/редакция 29.12.2016
Служител, извършил регистрацията/редакцията Силвестър_Спасов
999 ## - СИСТЕМНИ КОНТРОЛНИ НОМЕРА
Koha biblionumber 16195
Koha biblioitemnumber 16195
Наличности
Код за отписване Код за изгубен артикул Източник на класификационната схема Код за повреда Коз за рестрикции Код за отдаване Артикулен № Име на библиотеката - собственик Име на библиотеката, в която се намира в момента Статус (Текущо местоположение) Дата на вписване в системата Местоположение - отдел Цена в лева Инвентарен номер Систематично азбучна сигнатура Баркод Номер на екземпляра Цена в евро Служебна бележка Служебен тип на артикула
  Не е изгубен Universal Decimal Classification Не е повреден без рестрикции ползва се в читалня 27334 Регионална библиотека "Любен Каравелов" Русе Регионална библиотека "Любен Каравелов" Русе Хранилище 1997-01-01 Хранилище 0.00 633258 Цб 190565 120000633258 1 0.00 N: стар фонд Дата: 01.01.1997 Книги
Изтеглен Не е изгубен Universal Decimal Classification Не е повреден без рестрикции заемане за дома 27335 Регионална библиотека "Любен Каравелов" Русе Регионална библиотека "Любен Каравелов" Русе Заемна - подръчен фонд 1997-01-01 Заемна - подръчен фонд 1.71 627048 П 639.2/.3/Н 74 627048 2 0.87 N: стар фонд Дата: 01.01.1997 Книги
Изтеглен Не е изгубен Universal Decimal Classification Не е повреден без рестрикции заемане за дома 27336 Регионална библиотека "Любен Каравелов" Русе Регионална библиотека "Любен Каравелов" Русе Детски отдел 1997-01-01 Детски отдел 1.71 627050 ДН 636/639/ Н 74 627050 3 0.87 N: стар фонд Дата: 01.01.1997 Дата инв: 20.08.2015 Бележки инв: Д2015 Книги
Vip Innovations Ltd, Rousse, Bulgaria 2025